| 000 | 00452nam a2200133Ia 4500 | ||
|---|---|---|---|
| 008 | 200908s9999 xx 000 0 und d | ||
| 020 | _a978-971-98-0456-7 | ||
| 100 | _aNocon, Rizaldi C. | ||
| 245 |
_cRizaldi C. Nocon, Ederlina G. Nocon _aEssentials mathematics for the modern world/ |
||
| 260 |
_aQuezon City: _bC and E Publishing, Inc. _c2016 |
||
| 300 |
_aix, 338 pages _c25 cm. |
||
| 650 | _aBusiness mathematics | ||
| 650 | _aMathematical statistics | ||
| 999 |
_c364112 _d364112 |
||